Сборник заданий для практических занятий по линейной алгебре и аналитической геометрии: учебное пособие

Detalles Bibliográficos
Autor Principal: Пахомова Е. Г. Елена Григорьевна
Autor Corporativo: Национальный исследовательский Томский политехнический университет (ТПУ) Физико-технический институт (ФТИ) Кафедра высшей математики (ВМ)
Outros autores: Рожкова С. В. Светлана Владимировна
Summary:Заглавие с титульного экрана
Электронная версия печатной публикации
Пособие содержит краткое изложение необходимого теоретического материала и банк задач для работы на уроке и самостоятельной работы студентов. Предназначено для студентов ИК и ЭТО, но может быть использовано для работы со студентами других технических специальностей.
Режим доступа: из корпоративной сети ТПУ
Idioma:ruso
Publicado: Томск, Изд-во ТПУ, 2014
Subjects:
Acceso en liña:http://www.lib.tpu.ru/fulltext2/m/2015/m023.pdf
Formato: MixedMaterials Electrónico Libro
KOHA link:https://koha.lib.tpu.ru/cgi-bin/koha/opac-detail.pl?biblionumber=288645

MARC

LEADER 00000nlm0a2200000 4500
001 288645
005 20231226120155.0
035 |a (RuTPU)RU\TPU\book\313124 
035 |a RU\TPU\book\313112 
090 |a 288645 
100 |a 20150326d2014 m y0rusy50 ca 
101 0 |a rus 
102 |a RU 
105 |a a j 001zy 
135 |a drgn ---uucaa 
181 0 |a i  
182 0 |a b 
200 1 |a Сборник заданий для практических занятий по линейной алгебре и аналитической геометрии  |e учебное пособие  |f О. В. Казьмина, В. И. Верещагин, А. Н. Абияка  |g Национальный исследовательский Томский политехнический университет (ТПУ) 
203 |a Текст  |c электронный 
210 |a Томск  |c Изд-во ТПУ  |d 2014 
300 |a Заглавие с титульного экрана 
300 |a Электронная версия печатной публикации 
330 |a Пособие содержит краткое изложение необходимого теоретического материала и банк задач для работы на уроке и самостоятельной работы студентов. Предназначено для студентов ИК и ЭТО, но может быть использовано для работы со студентами других технических специальностей. 
333 |a Режим доступа: из корпоративной сети ТПУ 
337 |a Adobe Reader 
606 1 |a Линейная алгебра  |2 stltpush  |3 (RuTPU)RU\TPU\subj\40174  |9 60039 
606 1 |a Аналитическая геометрия  |2 stltpush  |3 (RuTPU)RU\TPU\subj\28991  |9 52410 
610 1 |a электронный ресурс 
610 1 |a учебные пособия 
610 1 |a труды учёных ТПУ 
610 1 |a сборники 
610 1 |a задания 
610 1 |a практические занятия 
610 1 |a теоретические материалы 
610 1 |a самостоятельные работы 
610 1 |a матрицы 
610 1 |a определители 
610 1 |a метод Крамера 
610 1 |a матричные методы 
610 1 |a метод Гаусса 
610 1 |a векторная алгебра 
610 1 |a линейные пространства 
610 1 |a линейные операторы 
610 1 |a векторное произведение 
610 1 |a смешанное произведение 
610 1 |a подпространства 
610 1 |a плоскости 
610 1 |a прямые 
610 1 |a пространство 
610 1 |a кривые второго порядка 
675 |a 512.64(076)  |v 3 
675 |a 514.12(076)  |v 3 
700 1 |a Пахомова  |b Е. Г.  |c российский математик  |c доцент Томского политехнического университета, кандидат физико-математических наук  |f 1969-  |g Елена Григорьевна  |3 (RuTPU)RU\TPU\pers\25969 
701 1 |a Рожкова  |b С. В.  |c математик  |c профессор Томского политехнического университета, доктор физико-математических наук  |f 1971-  |g Светлана Владимировна  |3 (RuTPU)RU\TPU\pers\25740  |9 11642 
712 0 2 |a Национальный исследовательский Томский политехнический университет (ТПУ)  |b Физико-технический институт (ФТИ)  |b Кафедра высшей математики (ВМ)  |3 (RuTPU)RU\TPU\col\18728 
801 1 |a RU  |b 63413507  |c 20130821 
801 2 |a RU  |b 63413507  |c 20160614  |g RCR 
856 4 |u http://www.lib.tpu.ru/fulltext2/m/2015/m023.pdf 
942 |c CF